| 000 | 00406cam a22001097a 4500 | ||
|---|---|---|---|
| 008 | 180718b1966 xxu||||| |||| 00| 0 eng d | ||
| 082 | _aA2:T1084 N213/1965 | ||
| 245 |
_aNational Bureau of Economic Research publications, 1921-1965 _cby National Bureau of Economic Research |
||
| 260 |
_aNew York _bNational Bureau of Economic Research _c1966 |
||
| 300 | _a116p. | ||
| 700 | _aNational Bureau of Economic Research | ||
| 999 |
_c375256 _d375256 |
||